| 000 | 00841nam a2200265 a 4500 | ||
|---|---|---|---|
| 001 | 28685 | ||
| 003 | BD-RjUL | ||
| 005 | 20211209051321.0 | ||
| 008 | 140331s1951 enka 001 0 eng d | ||
| 035 | _a(BD-RjUL)28767 | ||
| 035 | _a(OCoLC)1436131 | ||
| 040 |
_aDLC _cJPL _dOCL _dEUX _dBD-RjUL _beng |
||
| 041 | _aeng | ||
| 082 | 0 | 0 |
_a121 _bSIC 1951 |
| 100 | 1 |
_aSinclair, William Angus, _d1905- _987771 |
|
| 245 | 1 | 4 |
_aThe conditions of knowing : _ban essay towards a theory of knowledge / _cby Angus Sinclair. |
| 260 |
_aLondon : _bRoutledge & Kegan Paul, _c1951. |
||
| 300 |
_a260 p. ; _c22 cm. |
||
| 504 | _aIncludes index. | ||
| 650 | 0 |
_aKnowledge, Theory of. _987772 |
|
| 830 | 0 |
_aInternational library of psychology, philosophy, and scientific method _93593 |
|
| 942 |
_2ddc _cBK |
||
| 999 |
_c28685 _d28685 |
||